000 00918 a2200217 4500
008 080821t xxu||||| |||| 00| 0 eng d
010 _aENG-84990
020 _a8187879289
_c125.00
035 _aEN-68523
037 _bD.B.Act / Pub
082 _a378.00285
100 _aNoble, David F.
245 _aDigital diploma mills
_bthe automation of higher education
_cDavid F. Noble.
260 _aNew Delhi
_bAakar Books
_c2004
300 _axii, 116 p. ;
_c23 cm.
500 _aIncludes index.
650 _aEducation, Higher
_xEffect of technological innovations on
_zUnited States
_xHistory.
650 _aUniversities and colleges
_xTechnological innovations
_zUnited States
_xHistory.
942 _adpl
_cEN
_k378.0285 / NOB
_2ddc
_h378.0285
_mNOB
999 _c840
_d840